000 01328nam a2200349Ia 4500
001 ebr10495249
003 CaPaEBR
006 m u
007 cr cn|||||||||
008 090311r20082006enk sb 001 0 eng d
010 _z 2009293766
020 _z1847064329
020 _z9781847064325
040 _aCaPaEBR
_cCaPaEBR
035 _a(OCoLC)427510734
050 1 4 _aBD581
_b.G73 2008eb
082 0 4 _a113.09/034
_222
100 1 _aGrant, Iain Hamilton.
245 1 0 _aPhilosophies of nature after Schelling
_h[electronic resource] /
_cIain Hamilton Grant.
260 _aLondon :
_bContinuum,
_c2008.
300 _axiii, 232 p.
490 1 _aTransversals : new directions in philosophy
500 _aOriginally published: 2006.
504 _aIncludes bibliographical references and index.
533 _aElectronic reproduction.
_bPalo Alto, Calif. :
_cebrary,
_d2011.
_nAvailable via World Wide Web.
_nAccess may be limited to ebrary affiliated libraries.
600 1 0 _aSchelling, Friedrich Wilhelm Joseph von,
_d1775-1854.
650 0 _aPhilosophy of nature
_xHistory.
655 7 _aElectronic books.
_2local
710 2 _aebrary, Inc.
830 0 _aTransversals.
856 4 0 _uhttp://site.ebrary.com/lib/rucke/Doc?id=10495249
_zAn electronic book accessible through the World Wide Web; click to view
999 _c241032
_d241032